[Event "Bosnjaci op 26th"]
[Site "Bosnjaci"]
[Date "2022.01.04"]
[Round "2"]
[White "Nemec, Vjekoslav"]
[Black "Drmic, Bozo"]
[Result "1-0"]
[WhiteElo "2194"]
[BlackElo "1949"]
[PlyCount "55"]
[EventDate "2022.01.03"]
[EventType "swiss"]
[EventRounds "9"]
[EventCountry "CRO"]
[SourceTitle "EXT 2023"]
[Source "ChessBase"]
[SourceDate "2022.10.05"]
[SourceVersion "1"]
[SourceVersionDate "2022.10.05"]
[SourceQuality "1"]

1. e4 c5 2. Nf3 e6 3. c4 Nc6 4. d4 cxd4 5. Nxd4 Qc7 6. Nc3 a6 7. Be3 Nf6 8. a3 Ne5 9. Be2 h5 10. h3 d6 11. Rc1 Bd7 12. f4 Nc6 13. Nf3 Be7 14. 0-0 Rc8 15. b4 0-0 16. Ng5 g6 17. Bd3 Qb8 18. Na4 Rcd8 19. Nb6 Bc8 20. b5 Na7 21. f5 Ne8 22. fxg6 fxg6 23. Rxf8+ Bxf8 24. Qf3 Qc7 25. Nxc8 Nxc8 26. Nxe6 Qe7 27. Nxd8 Qxd8 28. Rf1 1-0

[Event "CRO-chT3 East-B"]
[Site "Croatia"]
[Date "2005.03.20"]
[Round "2.3"]
[White "Oreskovic, Pero"]
[Black "Drmic, Bozo"]
[Result "1-0"]
[WhiteElo "2085"]
[BlackElo "2085"]
[PlyCount "41"]
[EventDate "2005.03.13"]
[EventType "team-tourn"]
[EventRounds "11"]
[EventCountry "CRO"]
[SourceTitle "EXT 2007"]
[Source "ChessBase"]
[SourceDate "2006.11.23"]
[SourceVersion "1"]
[SourceVersionDate "2006.11.23"]
[SourceQuality "1"]
[WhiteTeam "Osijek IPK"]
[BlackTeam "Osijek Hvidra"]
[WhiteTeamCountry "CRO"]
[BlackTeamCountry "CRO"]

1. c4 Nf6 2. Nf3 g6 3. d4 d5 4. Nc3 Bg7 5. cxd5 Nxd5 6. e4 Nxc3 7. bxc3 0-0 8. Qb3 c5 9. Be3 Nc6 10. Rd1 Qa5 11. Bc4 cxd4 12. Nxd4 Ne5 13. Be2 Bd7 14. 0-0 Rab8 15. Qb4 Qc7 16. Qxe7 Qxc3 17. Nb5 Bxb5 18. Bxb5 Qa5 19. Rd5 a6 20. Bc4 Rfe8 21. Qxe8+ 1-0

[Event "Osijek op"]
[Site "Osijek"]
[Date "2004.02.04"]
[Round "5"]
[White "Tomerlin, Sinisa"]
[Black "Drmic, Bozo"]
[Result "0-1"]
[WhiteElo "2282"]
[BlackElo "2086"]
[PlyCount "54"]
[EventDate "2004.01.??"]
[EventType "swiss"]
[EventRounds "9"]
[EventCountry "CRO"]
[SourceTitle "EXT 2005"]
[Source "ChessBase"]
[SourceDate "2004.11.15"]
[SourceVersion "1"]
[SourceVersionDate "2004.11.15"]
[SourceQuality "1"]

1. e4 c5 2. Nf3 g6 3. c3 Bg7 4. Bc4 e6 5. d4 cxd4 6. 0-0 dxc3 7. Nxc3 a6 8. Qd6 Ne7 9. Be3 Nbc6 10. Na4 Qa5 11. Nb6 Rb8 12. Bc5 Bxb2 13. Nd5 exd5 14. exd5 Nf5 15. Rae1+ Kd8 16. Qf4 Qxc5 17. Ng5 d6 18. Nxf7+ Kc7 19. Nxh8 Bxh8 20. dxc6 bxc6 21. g4 Be5 22. Qe4 Nd4 23. Bf7 Rb2 24. Re3 Qc2 25. Qg2 Ne2+ 26. Kh1 Nf4 27. Qf3 Bb7 0-1

[Event "Osijek op"]
[Site "Osijek"]
[Date "2003.02.07"]
[Round "7"]
[White "Djukic, Zeljko2222"]
[Black "Drmic, Bozo"]
[Result "1-0"]
[WhiteElo "2266"]
[BlackElo "2091"]
[PlyCount "140"]
[EventDate "2003.02.01"]
[EventType "swiss"]
[EventRounds "9"]
[EventCountry "CRO"]
[SourceTitle "EXT 2005"]
[Source "ChessBase"]
[SourceDate "2004.11.15"]
[SourceVersion "1"]
[SourceVersionDate "2004.11.15"]
[SourceQuality "1"]

1. d4 Nf6 2. Nf3 g6 3. Bg5 Bg7 4. e3 0-0 5. Bd3 c5 6. c3 d6 7. Nbd2 a6 8. a4 Nc6 9. 0-0 b6 10. Qe2 Bb7 11. Rfd1 Qd7 12. h3 Rfd8 13. dxc5 bxc5 14. e4 Qc7 15. Nc4 Nd7 16. a5 Nde5 17. Nfxe5 Nxe5 18. Nb6 Ra7 19. Bc2 Re8 20. Bf4 Bc6 21. Ba4 Qb7 22. Bxe5 Bxe5 23. Bxc6 Qxc6 24. Ra3 Rb8 25. Rb3 Rbb7 26. Rf1 Bf4 27. g3 Bh6 28. h4 e6 29. Rd1 Bf8 30. h5 c4 31. Ra3 d5 32. exd5 exd5 33. Raa1 Re7 34. Qf3 Re5 35. Rxd5 Rxh5 36. Kg2 Rxd5 37. Qxd5 Qxd5+ 38. Nxd5 Rb7 39. Nb6 Rc7 40. Ra4 Rc5 41. Nxc4 Rb5 42. Ra2 f5 43. b4 Be7 44. Rc2 Rd5 45. Nb6 Rd3 46. Na4 Bf8 47. Kf1 f4 48. Ke2 Rd5 49. gxf4 h5 50. c4 Rf5 51. c5 Rxf4 52. c6 Bd6 53. c7 Bxc7 54. Rxc7 Rxb4 55. Nc3 Rb3 56. Kd3 Ra3 57. Rc5 h4 58. Rg5 Kf7 59. Rg4 h3 60. Rh4 Rxa5 61. Rxh3 Rf5 62. Ke3 a5 63. Rh4 Re5+ 64. Ne4 g5 65. Rh6 Kg7 66. Ra6 Rd5 67. Kf3 Re5 68. Ng3 Rb5 69. Kg4 Rb2 70. f3 Rb5 1-0

[Event "Osijek op"]
[Site "Osijek"]
[Date "2003.02.06"]
[Round "6"]
[White "Drmic, Bozo"]
[Black "Jovanovic, Zoran"]
[Result "0-1"]
[WhiteElo "2091"]
[BlackElo "2407"]
[PlyCount "68"]
[EventDate "2003.02.01"]
[EventType "swiss"]
[EventRounds "9"]
[EventCountry "CRO"]
[SourceTitle "EXT 2005"]
[Source "ChessBase"]
[SourceDate "2004.11.15"]
[SourceVersion "1"]
[SourceVersionDate "2004.11.15"]
[SourceQuality "1"]

1. e4 c5 2. Nf3 d6 3. d4 cxd4 4. Nxd4 Nf6 5. f3 Nc6 6. Nc3 e5 7. Nb3 Be7 8. Bc4 0-0 9. Be3 a5 10. Na4 Be6 11. Bb6 Qb8 12. Bd5 Bd7 13. Qd2 Nb4 14. Nc3 a4 15. Nc1 Qc8 16. a3 Nbxd5 17. exd5 Qc4 18. N1e2 Rfc8 19. 0-0 Ra6 20. Bf2 b5 21. Nc1 b4 22. axb4 Qxb4 23. Nd3 Qb7 24. Qe2 Raa8 25. Rfb1 Nxd5 26. Nxd5 Qxd5 27. Rd1 Qc4 28. b3 Qxc2 29. Qxc2 Rxc2 30. Nxe5 Be6 31. Nd3 Bxb3 32. Rdb1 Rcc8 33. Nc1 Bc2 34. Rb7 Bf6 0-1